73 personnages de Inazuma Eleven - Saison 1/2/3 - Statistiques

Statistiques générales
  • Ce quiz a été pris 1 919 fois
  • Le résultat moyen est 50 sur 73
Statistiques - réponses
Par images Réponse % Correct
Axel
100%
Mark
100%
Jude
99%
Nathan
99%
Krueger
97%
Bobby
96%
Tod
96%
Erik
94%
Ray Dark
94%
Darren
93%
Nelly
93%
Scotty
92%
Sam
91%
Celia
89%
Hurley
89%
Kevin
89%
Xavier
89%
Max
88%
Silvia
88%
Steve
87%
Hillman
86%
Jim
85%
Shawn
85%
Austin
84%
Byron
84%
Jack
83%
Jordan
83%
Thor
82%
Willy
81%
Caleb
79%
Paolo
79%
Archer
78%
David Evans
78%
Claude Beacons
76%
Tory
76%
Hector
72%
Shadow
72%
Mac Robingo
69%
Bryce whitingale
68%
Camellia
67%
Bellatrix
66%
Edgar Partinus
66%
Nakata
66%
Thiago Torres
66%
Julia
65%
Samford
62%
Raimon
58%
Demonio Strada
55%
Vétéran
55%
Joseph
54%
Malcolm
54%
Nero
54%
Thomas Feldt
51%
Aquilina
50%
Marvin
50%
Dylan
49%
Sael
48%
Destra
47%
Zoolan
47%
Timy
46%
Thomas
45%
Percy
43%
Changsu Choi
42%
Minion
41%
Quagmire
36%
Wintersea
36%
Sou
35%
Drago
32%
Tyler
32%
Astram
27%
Wittz
26%
Carlos
17%
Maximino
15%
Aucun quiz correspondant
Distribution des résultats
% des personnes avec chaque résultat
Percentile par nombre de réponses
Votre historique - résultats
Vous n’avez pas pris ce quiz